Programmirovanije vstrojennych mikroprocessorov
Salvato in:
| Autore principale: | |
|---|---|
| Natura: | Libro |
| Lingua: | russo |
| Pubblicazione: |
Moskva
Mir
1985
|
| Tags: |
Nessun Tag, puoi essere il primo ad aggiungerne!!
|
MARC
| LEADER | 00000nam a2200000 4500 | ||
|---|---|---|---|
| 001 | c110124 | ||
| 005 | 20230120082846.8 | ||
| 041 | 0 | |a rus | |
| 044 | |a RU | ||
| 245 | 1 | 0 | |a Programmirovanije vstrojennych mikroprocessorov |c R.J. Foulger |
| 264 | 1 | |a Moskva |b Mir |c 1985 | |
| 300 | |a 275 s. | ||
| 100 | 1 | |a Foulger, R.J. | |